[Event "77th NED-ch"]
[Site "Groningen NED"]
[Date "2022.12.24"]
[Round "2.2"]
[White "Warmerdam, Max"]
[Black "Reinderman, Dimitri"]
[Result "1/2-1/2"]
[WhiteElo "2619"]
[BlackElo "2575"]
[EventDate "2022.12.21"]
[PlyCount "122"]

1.d4 d5 2.c4 e6 3.Nc3 c5 4.cxd5 exd5 5.Nf3 Nc6 6.dxc5 d4 7.Na4 Bxc5 8.Nxc5
Qa5+ 9.Qd2 Qxc5 10.e3 dxe3 11.Qxe3+ Qxe3+ 12.Bxe3 Nge7 13.Bc4 h6 14.O-O 
Be6 15.Bxe6 fxe6 16.Rfe1 Kf7 17.Bd2 Rhd8 18.Re4 Nd5 19.Rae1 Rd6 20.a3 Rad8
21.R4e2 Re8 22.g3 Nf6 23.Kg2 Rd3 24.Bc3 Nd5 25.Be5 Rf8 26.Bd6 Re8 27.Bc5 
Nf6 28.h3 a6 29.Nd2 Rd5 30.Be3 Ne5 31.Rc1 Nd3 32.Rc2 b5 33.Nb3 e5 34.Kf1 
e4 35.Bd4 Ne5 36.Rc7+ Re7 37.Bxe5 Rxe5 38.Rc6 R7e6 39.Rec2 e3 40.Rxe6 Rxe6
41.Rc7+ Kg6 42.Nd4 Re4 43.fxe3 Nd5 44.Rc6+ Kf7 45.Kf2 Nxe3 46.Kf3 Rxd4 47.
Kxe3 Ra4 48.Rd6 h5 49.Rb6 Ke7 50.Kf3 Kf7 51.Rc6 Ke7 52.g4 hxg4+ 53.hxg4 g5
54.Kg3 Kf7 55.Rd6 Kg7 56.Rb6 Kf7 57.Kf3 Kg7 58.Re6 Rf4+ 59.Kg3 Rd4 60.Rxa6
Rd3+ 61.Kf2 Rb3 1/2-1/2

[Event "77th NED-ch"]
[Site "Groningen NED"]
[Date "2022.12.24"]
[Round "2.2"]
[White "Kevlishvili, Robby"]
[Black "Van Foreest, Lucas"]
[Result "0-1"]
[WhiteElo "2530"]
[BlackElo "2577"]
[EventDate "2022.12.21"]
[PlyCount "86"]

1.e4 c5 2.Nf3 d6 3.d4 cxd4 4.Nxd4 Nf6 5.Nc3 a6 6.h4 e5 7.Nb3 Be6 8.f4 g6 
9.fxe5 dxe5 10.Qxd8+ Kxd8 11.Bg5 Nd7 12.O-O-O Ke8 13.Be2 Rc8 14.Bf3 h6 15.
Be3 h5 16.Kb1 Bb4 17.Nd5 Nxd5 18.exd5 Bf5 19.Rc1 Rc7 20.a3 Bd6 21.Rhe1 Ke7
22.Nd2 Nc5 23.Ka2 Rhc8 24.Nc4 Nd7 25.Nxd6 Kxd6 26.Bd2 Rxc2 27.Bb4+ Nc5 28.
Rxc2 Bxc2 29.Re3 b6 30.g4 hxg4 31.Bxg4 f5 32.Be2 f4 33.Rc3 Be4 34.Bxa6 
Bxd5+ 35.b3 Rh8 36.a4 f3 37.a5 Rxh4 38.Ba3 Ra4 39.Bc4 Bxc4 40.bxc4 e4 41.
axb6 f2 42.Rc1 e3 43.Kb2 Rxa3 0-1

[Event "77th NED-ch"]
[Site "Groningen NED"]
[Date "2022.12.30"]
[Round "4.3"]
[White "Kevlishvili, Robby"]
[Black "l`Ami, Erwin"]
[Result "0-1"]
[WhiteElo "2530"]
[BlackElo "2627"]
[EventDate "2022.12.21"]
[PlyCount "118"]

1.e4 e5 2.Nf3 Nc6 3.Bb5 a6 4.Ba4 Nf6 5.O-O Be7 6.Re1 b5 7.Bb3 d6 8.c3 O-O 
9.d4 Bg4 10.Be3 exd4 11.cxd4 d5 12.e5 Ne4 13.h3 Bh5 14.Nbd2 Nxd2 15.Qxd2 
Qd7 16.Rec1 Nd8 17.Ne1 c6 18.Nd3 Bg6 19.f4 Bxd3 20.Qxd3 f5 21.a4 Rc8 22.
axb5 axb5 23.Bd1 Ne6 24.Bf3 g6 25.Kh2 Kh8 26.Rc2 Ra8 27.Rac1 Ra6 28.Qb3 
Rd8 29.Rc3 Ng7 30.Qc2 Rc8 31.Be2 Rb6 32.Ra1 Ne6 33.Qd3 Rb7 34.Bf3 Rb6 35.
Rcc1 Rb7 36.Ra6 Rbc7 37.Rca1 Rb7 38.Ra8 Rc7 39.Qc2 Bf8 40.g4 Ng7 41.Kg3 
Be7 42.R1a6 h6 43.b3 Kh7 44.Bd2 b4 45.Be3 h5 46.Ra1 Rxa8 47.Rxa8 Ra7 48.
Rxa7 Qxa7 49.Qxc6 Qa2 50.Bf2 hxg4 51.hxg4 fxg4 52.Bxg4 Qxb3+ 53.Kg2 Qb2 
54.Bd1 b3 55.Qxd5 Bh4 56.Qf3 Nf5 57.Be2 Bxf2 58.Qxf2 Qd2 59.Kf3 Nxd4+ 0-1